Poorly Described Literature #1 - Statistics

General Stats
  • This quiz has been taken 43 times
  • The average score is 3 of 15
Answer Stats
Hint Answer % Correct
A little girl follows a rabbit through a series of near-death experiences. Alice in Wonderland
89%
A limb-deprived sea captain refuses to learn from his mistakes. Moby Dick
68%
A teenage girl beats the government system by dating her rival. Hunger Games
49%
A man pursues an illicit love affair and narrowly escapes being eaten by rats. 1984
30%
Futuristic zoo owners learn the value of a good electrician. Jurassic Park
30%
A 12-year-old misfit realizes he is not colorblind and steals a baby to escape the dangers of Communism. The Giver
19%
Eccentric drug addict makes condescending remarks to policemen. Hound of the Baskervilles (Sherlock Holmes)
16%
8-year-old commits genocide. Ender's Game
14%
A group of old men overcome racial differences to take on the world’s most powerful jeweler. The Lord of the Rings
11%
A stifled artist discovers that imagination is more valuable than desert survival skills. The Little Prince
5%
A desert harlot starts a slave-labor camp. Holes
3%
Vigilantes embark on a murderous spree to protect the reputation of an unfaithful woman. The Three Musketeers
3%
Drunken revelers kill off an endangered species. Beowulf
0%
A young man decides to burn in Hell rather than return to school. The Adventures of Huckleberry Finn
0%
Guilt causes a miraculous skin condition in an adulterer. The Scarlett Letter
0%
No matching quizzes found
Score Distribution
Percent of People with Each Score
Percentile by Number Answered
Your Score History
You have not taken this quiz